All Stranger Things Characters A-Z (Season 1-4 - Statistics

General Stats
  • This quiz has been taken 4,088 times
  • The average score is 39 of 125
Answer Stats
Starting
letter
First
appearance
Status Answer % Correct
E S1 Alive Jane Hopper/Eleven
91%
M S2 Alive Mick
84%
B S2 Dead Billy Hargrove
82%
D S1 Alive Dustin Henderson
81%
J S1 Alive Jim Hopper
81%
L S1 Alive Lucas Sinclair
81%
W S1 Alive Will Byers
81%
J S1 Alive Joyce Byers
80%
M S2 Alive Max Mayfield
79%
N S1 Alive Nancy Wheeler
79%
S S1 Alive Steve Harrington
79%
J S1 Alive Jonathan Byers
76%
B S2 Dead Bob Newby
74%
E S4 Dead Eddie Munson
74%
V S4 Alive Vecna
74%
B S1 Dead Barbara Holland
73%
E S2 Alive Erica Sinclair
72%
R S3 Alive Robin Buckley
72%
K S1 Alive Karen Wheeler
70%
M S1 Dead Martin Brenner
70%
T S1 Alive Ted Wheeler
67%
A S3 Dead Alexei
64%
H S1 Alive Holly Wheeler
64%
C S4 Dead Chrissy Cunningham
62%
E S2 Alive Kali Prasad/Eight
60%
M S1 Alive Mike Wheeler
60%
R S2 Alive Ray Carroll
60%
M S2 Alive Murray Bauman
58%
A S4 Alive Argyle
55%
S S2 Alive Sam Owens
49%
J S4 Dead Jason Carver
48%
T S3 Dead Tom Holloway
46%
L S1 Alive Lonnie Byers
45%
S Unknown Alive Sam Mayfield
44%
F S4 Dead Fred Benson
43%
A S4 Alive Angela
42%
V S4 Alive Victor Creel
42%
Y S4 Alive Yuri Ismaylov
42%
B S1 Dead Benny Hammond
41%
S S3 Alive Suzie Bingham
41%
D S4 Alive Dmitri Antonov
40%
T S4 Dead Ten
40%
H S3 Dead Heather Holloway
38%
V S4 Alive Vickie
38%
P S4 Dead Patrick McKinney
37%
T S1 Alive Terry Ives
37%
S S1 Alive Scott Clarke
35%
C S1 Alive Claudia Henderson
32%
C S1 Alive Carol Perkins
31%
S S1 Dead Sara Hopper
31%
T S1 Alive Tommy Hagan
31%
T S4 Dead Two
31%
R Unknown Dead Ricky/Three
30%
A S4 Dead Alice Creel
29%
A S1 Alive Alice Johnson
29%
F S4 Dead Francine/Six
29%
J Unknown Dead Jamie/Nine
29%
P S1 Alive Phil Callahan
27%
B S1 Alive Becky Ives
26%
C S1 Dead Connie Frazier
24%
D S2 Dead D'Artagnan
23%
C S1 Alive Calvin Powell
22%
L S3 Alive Larry Kline
22%
S S2 Alive Susan Hargrove
22%
T S1 Alive Troy Walsh
22%
D S3 Dead Doris Driscoll
20%
M S2 Alive Mind Flayer
20%
S Unknown Dead Saint John
20%
S S1 Alive Sue Sinclair
20%
T S4 Alive Tammy Thompson
20%
B S3 Dead Bruce Lowe
19%
J S1 Alive James Dante
19%
N S2 Alive Neil Hargrove
19%
C S1 Alive Charles Sinclair
18%
M S2 Dead Mews
18%
T S2 Alive Tina
18%
A S4 Alive Andy
17%
W S4 Alive Wayne Munson
17%
E S4 Alive Eden Bingham
16%
V S4 Dead Virginia Creel
16%
J S4 Alive Jack Sullivan
15%
K S2 Alive Keith
15%
A S2 Alive Axel
14%
F S1 Alive Florence
14%
J S4 Alive Jake
12%
J S3 Dead Janet Holloway
12%
D S1 Alive Diane
11%
D S2 Alive Dottie
10%
F S2 Alive Funshine
9%
G S4 Alive Gareth
9%
J S4 Alive Jeff
9%
C S1 Alive Cynthia
8%
D S1 Alive David O'Bannon
8%
M S1 Alive Marsha Holland
8%
S S2 Alive Stacey Albright
8%
C S4 Alive Chance
7%
C S4 Alive Cornelius Bingham
7%
I S4 Dead Ivan
7%
A Unknown Dead Andrew Rich
6%
C S1 Dead Chester
6%
D S1 Alive Donald Melvand
6%
G S1 Alive Gary
6%
G S3 Dead Gregori
6%
K S1 Alive Ken
6%
L S4 Alive Laura Cunningham
6%
N S1 Alive Nicole
6%
A S4 Alive Anthony Hatch
5%
E S2 Alive Eugene McCorkle
5%
M S1 Alive Marissa
5%
E S1 Alive Earl
4%
E S4 Alive Ellen Stinson
4%
G S4 Alive Glenn Daniels
4%
J Unknown Alive Joey Kim
4%
P S4 Alive Phillip Cunningham
4%
R S1 Alive Russel Coleman
4%
B S1 Alive Brenda Wood
3%
C S4 Alive Cathy Owens
3%
G S1 Alive Gloria Flowers
3%
M Unknown Alive Marcy/9.5
3%
O S3 Alive Ozerov
3%
R Unknown Unknown Roy
3%
S S1 Dead Shepard
2%
S S3 Alive Stepanov
2%
Y S2 Alive Yurtle
2%
M S2 Alive Merrill Wright
1%
No matching quizzes found
Score Distribution
Percent of People with Each Score
Percentile by Number Answered
Your Score History
You have not taken this quiz